Atlas universal Aguilar / (Record no. 20303)

MARC details
000 -LEADER
campo de control de longitud fija 00688nam a2200205 i 4500
001 - NÚMERO DE CONTROL
campo de control 20303
003 - IDENTIFICADOR DE NÚMERO DE CONTROL
campo de control ES-MaACL
005 - FECHA Y HORA DE LA ÚLTIMA TRANSACCIÓN
campo de control 20250724094349.0
007 - CAMPO FIJO DE DESCRIPCIÓN FÍSICA--INFORMACIÓN GENERAL
campo de control de longitud fija t|
008 - DATOS DE LONGITUD FIJA--INFORMACIÓN GENERAL
campo de control de longitud fija 021111s1954 sp f |||| | spa d
100 1# - ENTRADA PRINCIPAL--NOMBRE DE PERSONA
Nombre de persona Aguilar, José.
9 (RLIN) 18696
245 10 - MENCIÓN DEL TÍTULO
Título Atlas universal Aguilar /
Mención de responsabilidad, etc. compilado, redactado y trazado bajo la dirección de José Aguilar, Elisa García Araez y Antonio Villaroya.
260 ## - PUBLICACIÓN, DISTRIBUCIÓN, ETC.
Lugar de publicación, distribución, etc. Madrid :
Nombre del editor, distribuidor, etc. Aguilar,
Fecha de publicación, distribución, etc. 1954 (
Fabricante Ograma)
300 ## - DESCRIPCIÓN FÍSICA
Extensión 141 p., 125 p., 116 lám. :
Otras características físicas il. ;
Dimensiones 41 cm.
650 #7 - PUNTO DE ACCESO ADICIONAL DE MATERIA--TÉRMINO DE MATERIA
Término de materia o nombre geográfico como elemento de entrada Atlas
Fuente del encabezamiento o término embne
9 (RLIN) 10407
700 1# - ENTRADA AGREGADA--NOMBRE PERSONAL
Nombre de persona García Araez, Elisa.
9 (RLIN) 54170
700 1# - ENTRADA AGREGADA--NOMBRE PERSONAL
Nombre de persona Villarroya, Antonio.
9 (RLIN) 115144
852 ## - LOCALIZACIÓN
Ubicación ES-MaACL
Número de control de estantería B-8081
Holdings
Estatus retirado Estado de pérdida Estado de daño No para préstamo Biblioteca de origen Biblioteca actual Ubicación en estantería Fecha de adquisición Fuente de adquisición Total de préstamos Signatura topográfica completa Código de barras Visto por última vez Precio de reemplazo Tipo de ítem Koha
        Biblioteca del Ateneo de Madrid Biblioteca del Ateneo de Madrid Sala Pardo Bazán 17/01/2008     B-8081 1020818 23/02/2023 23/02/2023 Libro impreso